LEADER 03203oam 2200625I 450 001 9910457052903321 005 20200520144314.0 010 $a0-429-48088-1 010 $a1-283-07105-3 010 $a9786613071057 010 $a1-84940-754-1 035 $a(CKB)2550000000033215 035 $a(EBL)689923 035 $a(OCoLC)743216357 035 $a(SSID)ssj0000526058 035 $a(PQKBManifestationID)11347404 035 $a(PQKBTitleCode)TC0000526058 035 $a(PQKBWorkID)10507838 035 $a(PQKB)11507265 035 $a(MiAaPQ)EBC689923 035 $a(Au-PeEL)EBL689923 035 $a(CaPaEBR)ebr10463961 035 $a(CaONFJC)MIL307105 035 $a(EXLCZ)992550000000033215 100 $a20180611h20182011 uy 0 101 0 $aeng 135 $aur|n|---||||| 181 $ctxt 182 $cc 183 $acr 200 10$aTechnique in child and adolescent analysis /$fby Michael Gunter 210 1$aBoca Raton, FL :$cRoutledge, an imprint of Taylor and Francis,$d[2018]. 210 4$dİ2011. 215 $a1 online resource (199 p.) 300 $aDescription based upon print version of record. 311 $a0-367-32738-4 311 $a1-85575-715-X 320 $aIncludes bibliographical references and index. 327 $aCover; Copyright; Contents; Foreword; Biographical Notes; Introduction; Chapter One: Problems of technique in analysis of children and adolescents: transference-interpretation-play; Chapter Two: "Lillifee thinks she's an arsehole." Three levels of technique in child analysis: containment, transformation, interpretation; Chapter Three: Clinical and technical problems in child and adolescent analysis (following in Bion's footsteps); Chapter Four: What about the transference? Technical issues in the treatment of children who cannot symbolize 327 $aChapter Five: Identity and bisexuality: thoughts on technique from the analysis of an adolescent girlChapter Six: Some thoughts on psychoanalytical technique in the treatment of adolescents: on the development of body image, body ego, and ego structures; Chapter Seven: Rivals or partners? The role of parents in psychoanalytical work with children; References 330 3 $aThese are the edited papers from a conference held in 2008 on the topic of problems with child and adolescent analysis. The contributors come from widely differing theoretical backgrounds and use a broad variety of metapsychological concepts, among them contemporary Kleinian, post-Bionian classical Freudian. This collection helps widen our understanding of technique with children and adolescents and together they show a very modern psychoanalytic technique may be emerging from modern recent work with children and adolescents. 606 $aChild analysis 606 $aAdolescent analysis 608 $aElectronic books. 615 0$aChild analysis. 615 0$aAdolescent analysis. 676 $a155.4 676 $a618.92891656 700 $aGunter$b Michael$0847699 801 0$bFlBoTFG 801 1$bFlBoTFG 906 $aBOOK 912 $a9910457052903321 996 $aTechnique in child and adolescent analysis$91983561 997 $aUNINA LEADER 02639nam 2200577 a 450 001 9910960978203321 005 20200520144314.0 010 $a9781608052882 010 $a1608052885 035 $a(CKB)2670000000169474 035 $a(EBL)877032 035 $a(OCoLC)782879874 035 $a(SSID)ssj0000941786 035 $a(PQKBManifestationID)11505471 035 $a(PQKBTitleCode)TC0000941786 035 $a(PQKBWorkID)10963946 035 $a(PQKB)11436521 035 $a(OCoLC)787848134 035 $a(MiAaPQ)EBC877032 035 $a(DE-B1597)731196 035 $a(DE-B1597)9781608052882 035 $a(EXLCZ)992670000000169474 100 $a20120331d2012 uy 0 101 0 $aeng 135 $aurcnu|||||||| 181 $ctxt 182 $cc 183 $acr 200 00$aAwake thoracic surgery /$fedited by Eugenio Pompeo 205 $a1st ed. 210 $a[United Arab Emirates] $cBentham Books$d[2012] 215 $a1 online resource (211 p.) 300 $aDescription based upon print version of record. 311 08$a9781608056514 311 08$a1608056511 320 $aIncludes bibliographical references and index. 327 $a01 Title.pdf; 02 Cover page; 03 REVISED eBooks End User License Agreement-Website; 04 Quote; 05 Content; 06 Foreword; 07 Preface; 08 List of Contributors; 09 Acknowledgement; 10 CHAPTER 1; 11 CHAPTER 2; 12 CHAPTER 3; 13 CHAPTER 4; 15 CHAPTER 5; 15 CHAPTER 6; 17 CHAPTER 7; 18 CHAPTER 8; 19 CHAPTER 9; 20 CHAPTER 10; 21 CHAPTER 11; 22 CHAPTER 12; 23 CHAPTER 13; 24 CHAPTER 14; 25 CHAPTER 15; 26 CHAPTER 16; 27 Subject Index 330 $aAwake thoracic surgery is a new surgical field that is set to expand in the near future. Employing sole epidural or local anaesthesia in fully awake patients renders many thoracic surgical procedures doable with less invasiveness and general anaesthesia related adverse effects can be avoided. This, in turn, facilitates fast track surgery and improves cost-effectiveness of treatment procedures. The book explains issues relevant to awake thoracic surgery including postoperative immunologic and stress-hormone responses, lung volume reduction surgery, pulmonary resections and thymectomy. 606 $aChest$xSurgery 615 0$aChest$xSurgery. 676 $a617.9/6 676 $a617.96 700 $aPompeo$b Eugenio, $4aut$4http://id.loc.gov/vocabulary/relators/aut$01800206 701 $aPompeo$b Eugenio$01800206 801 0$bMiAaPQ 801 1$bMiAaPQ 801 2$bMiAaPQ 906 $aBOOK 912 $a9910960978203321 996 $aAwake thoracic surgery$94344855 997 $aUNINA